000 00963nam0a22002771 4500
001 v19\rc\1797204
005 20260406151341.0
035 _a(NLR Aleph) 004887592
090 _a5236336
_c5236336
100 _a20061204d1905 |||y0rusy50 ca
101 0 _arus
102 _aRU
105 _aa z |||||
200 1 _aУспенский Трифонов монастырь в гор. Вятке
_e[Описание]
210 _aВятка
_cВят. Успен. Трифонов монастырь
_d1905
215 _a35 с.
_cил.
_d23
532 1 2 _aУспенский Трифонов монастырь в городе Вятке
712 0 2 _aВятский Успенский Трифонов монастырь
_3RU\NLR\AUTH\889926874
_9349444
801 0 _aRU
_bNLR
_gpsbo
801 0 _aRU
_bRuMoRGB
_2psbo
801 1 _aRU
_bProSoft-M
_2rusmarc
852 _aNLR
_j34.50.5.57
899 _aRuMoRGB
_jA 279/145
899 _aБАН
942 _cBOOK
980 _aNB